| 000 | 00517nam a2200181Ia 4500 | ||
|---|---|---|---|
| 003 | OSt | ||
| 005 | 20200904134312.0 | ||
| 008 | 190216s9999||||xx |||||||||||||| ||und|| | ||
| 020 | _a9788121908696 | ||
| 040 | _coclc | ||
| 082 |
_a532 _bRAI/F |
||
| 100 |
_aRaisinghania, M D _93881 |
||
| 245 | 0 |
_aFluid Dynamics (With Hydrodynamics) / _cM D Raisinghania |
|
| 250 | _a5th Ed. | ||
| 260 |
_bS Chand & Company, _aNew Delhi: _c2003. |
||
| 300 | _a996p | ||
| 942 |
_cBK _2ddc _h532 _iRAI/F _k532 _mRAI/F |
||
| 999 |
_c31905 _d31905 |
||